000 00754nam0a22002531 4500
001 rc\3155629
005 20250530073128.0
021 _aRU
_b[76-65480]
035 _a(NLR Aleph) 007299168
090 _a5691932
_c5691932
100 _a20120615d1976 |||y0rusy50 ca
101 0 _arus
102 _aRU
105 _aa z |||a|
200 1 _aЯ слушаю сердце
_eСтихи
_fСтанислав Сеньков
210 _aКиев
_cМолодь
_d1976
215 _a39 с.
_cил.
_d14
225 1 _aПервый поэтический сборник
700 1 _aСеньков
_bС.С.
_gСтанислав Сергеевич
801 0 _aRU
_bNLR
_gpsbo
801 1 _aRU
_bELAR
_2rusmarc
852 _aNLR
_j77-1/49
942 _cBOOK
980 _aNB